Cyclisme : Top 10 des coureurs français !!! - Statistiques

Statistiques générales
  • Ce quiz a été pris 195 fois
  • Le résultat moyen est 7 sur 10
Statistiques - réponses
Class. Prénom Réponse % Correct
1 Bernard Hinault
96%
8 Julian Alaphilippe
94%
4 Raymond Poulidor
94%
9 Laurent Jalabert
89%
2 Jacques Anquetil
87%
3 Louison Bobet
77%
5 Laurent Fignon
70%
6 Bernard Thévenet
56%
7 André Darrigade
33%
10 Raphaël Geminiani
27%
Aucun quiz correspondant
Distribution des résultats
% des personnes avec chaque résultat
Percentile par nombre de réponses
Votre historique - résultats
Vous n’avez pas pris ce quiz